[Event "Vasylyshyn Mem"]
[Site "Lviv UKR"]
[Date "2008.10.30"]
[Round "14"]
[White "Vovk,A"]
[Black "Geller,J"]
[Result "1/2-1/2"]
[WhiteElo "2488"]
[BlackElo "2511"]

1.e4 c5 2.Nf3 Nc6 3.d4 cxd4 4.Nxd4 Nf6 5.Nc3 d6 6.Bg5 Bd7 7.Qd2 Rc8 8.O-O-O Nxd4
9.Qxd4 Qa5 10.Bd2 Qc5 11.Qxc5 Rxc5 12.Be3 Rxc3 13.bxc3 Nxe4 14.Bxa7 Nxc3
15.Rd3 Nxa2+ 16.Kb2 Nb4 17.Rb3 Nc6 18.Rxb7 Nd8 19.Rb8 e6 20.Bd4 d5 21.Bb6 Be7
22.Bb5 Bf6+ 23.Ka3 Bxb5 24.Bxd8 O-O 25.Bc7 Rxb8 26.Bxb8 g5 27.Kb4 Bc4 28.Kc5 Kg7
29.Rb1 h5 30.Re1 Kg6 31.Be5  1/2-1/2

[Event "WYCC Girls U16"]
[Site "Vung Tau City VIE"]
[Date "2008.10.30"]
[Round "11"]
[White "Havlikova,K"]
[Black "Tsatsalashvili,K"]
[Result "0-1"]
[WhiteElo "2179"]
[BlackElo "2235"]

1.e4 c5 2.Nf3 d6 3.d4 cxd4 4.Nxd4 Nf6 5.Nc3 Nc6 6.Bg5 e6 7.Qd2 Qb6 8.Bxf6 gxf6
9.Nb3 Bd7 10.O-O-O O-O-O 11.f4 Rg8 12.Kb1 Kb8 13.g3 h5 14.Be2 h4 15.g4 Ne7
16.f5 Nc6 17.Rhf1 Be7 18.Qe1 Rh8 19.Rf3 Rh7 20.Rh3 Rdh8 21.Nd2 Ne5 22.Nc4 Qc5
23.Nd2 Qc8 24.Qf2 Qg8 25.Qf4 Rg7 26.Rg1 Qe8 27.Nb3 Qg8 28.Nd4 Qh7 29.Nf3 Qh6
30.Qxh6 Rxh6 31.Nd4 a6 32.Rg2 Bd8 33.Nd1 Bb6 34.c3 Bxd4 35.cxd4 Nc6 36.fxe6 fxe6
37.Rd3 Ne7 38.Kc1 Bb5 39.Re3 Bxe2 40.Rexe2 Rg5 41.Ne3 Rhg6 42.Kc2 Ka7 43.a3 Nc6
44.Rd2 e5 45.dxe5 fxe5 46.Kd3 Nd4 47.b4 Ne6  0-1

[Event "WYCC Boys U16"]
[Site "Vung Tau City VIE"]
[Date "2008.10.30"]
[Round "11"]
[White "Sethuraman,S"]
[Black "Bregadze,L"]
[Result "1-0"]
[WhiteElo "2441"]
[BlackElo "2387"]

1.e4 c5 2.Nf3 d6 3.d4 cxd4 4.Nxd4 Nf6 5.Nc3 Nc6 6.Bg5 e6 7.Qd2 a6 8.O-O-O Bd7
9.f3 h6 10.Be3 b5 11.g4 Ne5 12.Bd3 b4 13.Nce2 d5 14.exd5 Nxd5 15.Nf4 Nxe3
16.Qxe3 Qc7 17.Nh5 Nxd3+ 18.Qxd3 Rc8 19.Kb1 Bc5 20.Nxg7+ Kf8 21.Nh5 e5 22.Nf5 Bb5
23.Qd2 Bc4 24.Nf6  1-0

[Event "ch-BRA s/f"]
[Site "Dois Irmaos BRA"]
[Date "2008.11.01"]
[Round "4"]
[White "Oliveira,Si"]
[Black "Barreto Filho,C"]
[Result "1/2-1/2"]
[WhiteElo "2345"]
[BlackElo "2300"]

1.e4 c5 2.Nf3 d6 3.d4 cxd4 4.Nxd4 Nf6 5.Nc3 Nc6 6.Bg5 e6 7.Qd2 a6 8.O-O-O Qb6
9.Nb3 Be7 10.f3 O-O 11.h4 Rd8 12.Be3 Qc7 13.Qf2 Nd7 14.g4 b5 15.Kb1 Rb8 16.g5 Nb6
17.f4 Na4 18.Ne2 Na5  1/2-1/2

[Event "IX Rapid Open"]
[Site "El Sauzal ESP"]
[Date "2008.11.01"]
[Round "1"]
[White "Nortes Hernandez,P"]
[Black "Fernandez Romero,Ern"]
[Result "0-1"]
[WhiteElo "1579"]
[BlackElo "2447"]

1.e4 c5 2.Nf3 Nc6 3.d4 cxd4 4.Nxd4 Nf6 5.Nc3 d6 6.Bg5 e6 7.Qd2 a6 8.Rd1 Bd7
9.Nxc6 Bxc6 10.Be2 h6 11.Bh4 b5 12.a3 Qb6 13.f3 Be7 14.Bf2 Qb7 15.O-O O-O
16.Be3 Rfd8 17.Bd3 a5 18.Bxh6 gxh6 19.Qxh6 Qb6+ 20.Kh1 Qc5 21.g4 Nh7 22.h4 Bf8
23.Qf4 Bg7 24.g5 b4 25.e5 Qxe5 26.Bxh7+ Kxh7 27.Qxf7 Be8 28.Qc7 bxc3 29.bxc3 Rac8
30.Qb7 Rc4 31.Qb6  0-1

[Event "Russia Cup Final w"]
[Site "Serpuhov RUS"]
[Date "2008.11.07"]
[Round "2.1"]
[White "Bodnaruk,A"]
[Black "Charochkina,D"]
[Result "1-0"]
[WhiteElo "2381"]
[BlackElo "2296"]

1.e4 c5 2.Nf3 d6 3.d4 Nf6 4.Nc3 cxd4 5.Nxd4 Nc6 6.Bg5 e6 7.Qd2 Be7 8.O-O-O O-O
9.f3 Nxd4 10.Qxd4 a6 11.h4 b5 12.Kb1 Qa5 13.Qd2 b4 14.Ne2 e5 15.Nc1 Be6 16.g4 Rac8
17.Bxf6 Bxf6 18.g5 Be7 19.Bh3 Rfd8 20.g6 Rc6 21.gxh7+ Kh8 22.Bxe6 fxe6 23.Qg2 Qc7
24.h5 d5 25.Nd3 a5 26.Rde1 Bf6 27.Re2 a4 28.exd5 exd5 29.Rhe1 b3 30.a3 e4
31.cxb3 Bh4 32.Nb4 Bxe1 33.Nxc6 Qxc6 34.Rxe1 axb3 35.Rc1 Qa6 36.Qg5 Qf6 37.Qxf6 gxf6
38.Re1 f5 39.Kc1 Rc8+ 40.Kd2 Kxh7 41.fxe4 dxe4 42.Ke3 Kh6 43.Kf4 Rc5 44.Re3 Rb5
45.Rh3 Kh7 46.Kg5 Re5 47.Kf4 Rb5 48.a4 Ra5 49.Rxb3 Rxa4 50.Kxf5 Kh6 51.Kf4 Kxh5
52.Rb5+ Kg6 53.b4 Kf6 54.Kxe4 Ke6 55.Rb6+ Kd7 56.Kd5 Ra1 57.Kc5 Kc7 58.Rf6 Rc1+
59.Kb5 Rh1 60.Ka6 Ra1+ 61.Kb5 Rh1 62.Re6 Rh5+ 63.Ka6 Rh4 64.Re7+ Kc8 65.b5 Ra4+
66.Kb6 Rh4 67.Re8+ Kd7 68.Rb8 Rh1 69.Kb7 Rb1 70.b6 Kd6 71.Rc8 Kd7 72.Rc3 Kd6
73.Ka7 Ra1+ 74.Kb8 Rb1 75.b7 Rh1 76.Rc8 Rb1 77.Rc4 Kd7 78.Rc3 Rh1 79.Ra3 Rb1
80.Ka7  1-0

[Event "38th Olympiad"]
[Site "Dresden GER"]
[Date "2008.11.14"]
[Round "2"]
[White "Li Chao2"]
[Black "Zhigalko,A"]
[Result "1-0"]
[WhiteElo "2622"]
[BlackElo "2568"]

1.e4 c5 2.Nf3 d6 3.d4 cxd4 4.Nxd4 Nf6 5.Nc3 Nc6 6.Bg5 e6 7.Qd2 a6 8.O-O-O Be7
9.f3 Nxd4 10.Qxd4 b5 11.Kb1 Bb7 12.h4 Rc8 13.g4 Qc7 14.Be3 d5 15.g5 e5 16.Qd2 Nxe4
17.fxe4 d4 18.Bxd4 exd4 19.Qxd4 O-O 20.Bh3 Bc5 21.Qd3 Rce8 22.h5 Qe5 23.Bf5 g6
24.hxg6 fxg6 25.Qh3 Re7 26.Nd5 Bxd5 27.Rxd5 Qxd5 28.exd5 Rxf5 29.Qc3 Rxd5
30.Qb3 Re5 31.Rd1 Kf8 32.Qxd5 Rxd5 33.Rxd5 Be7  1-0

[Event "XXXII Tenkes Cup"]
[Site "Harkany HUN"]
[Date "2008.11.14"]
[Round "1"]
[White "Vereb,G"]
[Black "Jankovic,A"]
[Result "0-1"]
[WhiteElo "2207"]
[BlackElo "2548"]

1.e4 c5 2.Nf3 Nc6 3.d4 cxd4 4.Nxd4 Nf6 5.Nc3 d6 6.Bg5 e6 7.Qd2 a6 8.O-O-O Bd7
9.f4 b5 10.Nf3 b4 11.Bxf6 gxf6 12.Ne2 h5 13.g3 Qb6 14.Kb1 Ra7 15.Ned4 Nxd4
16.Nxd4 Rc7 17.Qd3 a5 18.Nb5 Bxb5 19.Qxb5+ Qxb5 20.Bxb5+ Ke7 21.Rd4 Rc5 22.Bd3 h4
23.Rg1 Bh6 24.Rc4 Rxc4 25.Bxc4 Rg8 26.f5 Be3 27.Rf1 hxg3 28.hxg3 Rxg3 29.Bd3 Bd4
30.Rh1 Kd7 31.a3 bxa3 32.bxa3 Kc6 33.Ka2 d5 34.exd5+ Kxd5 35.Rb1 Bc3 36.Rb7 Rg1
37.Rb1 Rxb1 38.Kxb1 e5 39.Kc1 e4 40.Bb5 Ke5 41.Bd7 a4 42.Bxa4 Kxf5 43.Kd1 Kf4
44.Ke2 f5 45.Be8 f6 46.a4 Ke5  0-1

[Event "38th Olympiad"]
[Site "Dresden GER"]
[Date "2008.11.15"]
[Round "3"]
[White "Kim,Alex"]
[Black "Galego,L"]
[Result "1/2-1/2"]
[WhiteElo "2481"]
[BlackElo "2484"]

1.e4 c5 2.Nf3 d6 3.d4 cxd4 4.Nxd4 Nf6 5.Nc3 Nc6 6.Bg5 e6 7.Qd2 a6 8.O-O-O Bd7
9.f4 Qb6 10.Bxf6 gxf6 11.Nb3 Na5 12.Nxa5 Qxa5 13.Bc4 Qc5 14.Bb3 O-O-O 15.Kb1 Be7
16.Rhf1 Kb8 17.Rf3 h5 18.Qe2 h4 19.Rfd3 Rhg8 20.f5 Qe5 21.Rh3 Qf4 22.Qh5 Qg5
23.Rxh4 Qxg2 24.Qxf7 Rg7 25.Qh5 exf5 26.exf5 Rg5 27.Qf7 Rg7 28.Qd5 Qxd5 29.Nxd5 Bxf5
30.Rf4 Bh7 31.Nxe7 Rxe7 32.Rxf6 Re2 33.h4 Rh2 34.a3 Rxh4 35.Rfxd6 Rxd6 36.Rxd6 Rh1+
37.Ka2 Rh2 38.Rd8+ Ka7 39.Rh8 Rh3 40.Bd5 Bf5 41.Rf8 Bxc2 42.Rf7 Rh7 43.Rxh7  1/2-1/2

[Event "38th Olympiad"]
[Site "Dresden GER"]
[Date "2008.11.16"]
[Round "4"]
[White "Khairallah,F"]
[Black "Seegolam,P"]
[Result "1-0"]
[WhiteElo "2337"]
[BlackElo "2066"]

1.e4 c5 2.Nf3 d6 3.d4 cxd4 4.Nxd4 Nf6 5.Nc3 Nc6 6.Bg5 e6 7.Qd2 Be7 8.O-O-O O-O
9.f4 Nxd4 10.Qxd4 Qa5 11.Kb1 Rd8 12.Bc4 h6 13.Bh4 a6 14.Bb3 Qh5 15.Bg3 Bd7
16.Rhf1 Bc6 17.f5 e5 18.Qd3 Rac8 19.h3 Nd7 20.Bf2 Kf8 21.g4 Qg5 22.Rg1 Nc5
23.Qe2 Nxb3 24.axb3 Qf6 25.h4 g5 26.fxg6 Qxg6 27.h5 Qh7 28.Be3 Bg5 29.Bxg5 hxg5
30.Rgf1 Ke7 31.Rf5 f6 32.Qf2 Qf7 33.Rf1 Rf8 34.h6 Qe6 35.Nd5+ Bxd5 36.exd5 Qf7
37.b4 Qg6 38.Qb6 Qxh6 39.Qxb7+ Kd8 40.Qxa6 Kd7 41.Qb5+ Kd8 42.Qd3 Qg7 43.R5f3 Ra8
44.Qb5 Qa7 45.c3 Ke7 46.Kc2 Rfb8 47.Qd3 Qa4+ 48.Kd2 Qb3 49.Rxf6 Rh8 50.Re6+ Kd8
51.Rxd6+ Ke7 52.Rf7+ Ke8 53.Qb5+ Kxf7 54.Qd7+  1-0

[Event "XXXII Tenkes Cup"]
[Site "Harkany HUN"]
[Date "2008.11.20"]
[Round "7"]
[White "Bokros,A"]
[Black "Jankovic,A"]
[Result "1/2-1/2"]
[WhiteElo "2477"]
[BlackElo "2548"]

1.e4 c5 2.Nf3 Nc6 3.d4 cxd4 4.Nxd4 Nf6 5.Nc3 d6 6.Bg5 e6 7.Qd2 a6 8.O-O-O Bd7
9.f3 h6 10.Be3 b5 11.Nxc6 Bxc6 12.Ne2 Bb7 13.Nd4 e5 14.Nb3 Rc8 15.Kb1 d5
16.exd5 Bxd5 17.Bd3 Be6 18.Qf2 Qc7 19.Rhe1 Bb4 20.c3 Be7 21.Bb6 Qb8 22.Ba7 Qc7
23.Bb6 Qb8 24.Ba7 Qc7  1/2-1/2

[Event "38th Olympiad"]
[Site "Dresden GER"]
[Date "2008.11.22"]
[Round "9"]
[White "Agopov,M"]
[Black "Kassis,A LIB"]
[Result "1/2-1/2"]
[WhiteElo "2449"]
[BlackElo "2238"]

1.e4 c5 2.Nf3 d6 3.d4 cxd4 4.Nxd4 Nf6 5.Nc3 Nc6 6.Bg5 Bd7 7.Qd2 Rc8 8.O-O-O Nxd4
9.Qxd4 Qa5 10.f4 Rxc3 11.bxc3 e5 12.Qc4 Ng4 13.fxe5 h6 14.Bh4 g5 15.Bg3 Ne3
16.Qd4 Nxd1 17.exd6 Qxc3 18.Be5 Rg8 19.Kxd1 Qxd4+ 20.Bxd4 Bxd6 21.Bxa7 Ke7
22.Bc4 Ra8 23.Bf2 Be6 24.Bd5 Bxd5 25.exd5 Rxa2 26.Re1+ Kd7 27.h3 h5 28.Re3 g4
29.Rb3 Kc8 30.Rc3+ Kd7 31.Rb3 Kc8 32.Bb6 f5 33.Bf2 f4 34.hxg4 hxg4 35.Kd2 Ra1
36.Ke2 Ra5 37.c4 Ra2+ 38.Kf1 Rc2 39.c5 Bxc5 40.Bxc5 Rxc5 41.Rb4 Rxd5 42.Rxf4 Rg5
43.Kf2 g3+ 44.Kf3 Kc7 45.Rf6 b6 46.Kf4 Rg8 47.Re6 Kb7 48.Re1 Kc6 49.Rc1+ Kd5
50.Rb1 Kc5 51.Rc1+ Kd5  1/2-1/2

[Event "38th Olympiad"]
[Site "Dresden GER"]
[Date "2008.11.22"]
[Round "9"]
[White "Matthews,S"]
[Black "Njili,K"]
[Result "0-1"]
[WhiteElo "2179"]
[BlackElo "2350"]

1.e4 c5 2.Nf3 d6 3.d4 cxd4 4.Nxd4 Nf6 5.Nc3 Nc6 6.Bg5 e6 7.Qd2 a6 8.O-O-O Bd7
9.f4 Qc7 10.Be2 Rc8 11.Kb1 Be7 12.Nb3 b5 13.Bxf6 gxf6 14.Bxb5 axb5 15.Nxb5 Qb8
16.Nxd6+ Bxd6 17.Qxd6 Qxd6 18.Rxd6 Ke7 19.Rhd1 Rhd8 20.Nc5 Be8 21.Rxd8 Rxd8
22.Rxd8 Nxd8 23.b4 Bc6 24.a4 Kd6 25.Kb2 Nb7 26.Nxb7+ Bxb7 27.g3 Bxe4 28.c4 Bc6
29.a5 e5 30.Kc3 Bb7 31.Kd3 Bg2 32.Ke2 Bh3 33.Kd3 Bf1+ 34.Kc3 Kc6 35.h4 Kd6
36.fxe5+ fxe5 37.Kb3 e4 38.Kc3 e3 39.a6 Kc7 40.b5 Bxc4 41.Kd4  0-1

[Event "38th Olympiad w"]
[Site "Dresden GER"]
[Date "2008.11.22"]
[Round "9"]
[White "Greeff,M"]
[Black "Jalloul,M"]
[Result "1-0"]
[WhiteElo "1963"]
[BlackElo "1889"]

1.e4 c5 2.Nf3 d6 3.d4 cxd4 4.Nxd4 Nf6 5.Nc3 Nc6 6.Bg5 e6 7.Qd2 Be7 8.f3 a6
9.O-O-O O-O 10.h4 Qc7 11.g4 Ne5 12.Be3 b5 13.Bd3 Bb7 14.g5 Nh5 15.Kb1 g6
16.Rdg1 Rfd8 17.f4 Nc4 18.Qe2 Nxe3 19.Qxe3 Rac8 20.f5 exf5 21.Nd5 Bxd5 22.exd5 Bf8
23.Qf3 f4 24.Bf5 Ra8 25.Bg4 Ng3 26.Rh2 Qc5 27.Rd1 Bg7 28.Nc6 Re8 29.Qxf4 Nh5
30.Bxh5 gxh5 31.Rf2 Rf8 32.Re1 f6 33.Rg2 Qc4 34.Qg3 Kh8 35.Ne7 fxg5 36.Qxg5 Bf6
37.Qh6 Bxe7 38.Qg7+  1-0

[Event "38th Olympiad"]
[Site "Dresden GER"]
[Date "2008.11.23"]
[Round "10"]
[White "De la Riva Aguado,O"]
[Black "Klasan,V"]
[Result "1-0"]
[WhiteElo "2537"]
[BlackElo "2326"]

1.e4 c5 2.Nf3 d6 3.d4 cxd4 4.Nxd4 Nf6 5.Nc3 Nc6 6.Bg5 e6 7.Qd2 Be7 8.O-O-O O-O
9.f3 Nxd4 10.Qxd4 Qa5 11.Bd2 Qc7 12.Nb5 Qd8 13.Bb4 d5 14.Bxe7 Qxe7 15.e5 Nd7
16.Qe3 Nc5 17.f4 Bd7 18.Nd6 b6 19.Bd3 f6 20.h4 Bc6 21.Kb1 Nb7 22.Nxb7 Bxb7
23.exf6 Rxf6 24.Rhe1 Qc5 25.Qe2 Raf8 26.g3 Bc6 27.Qg4 Qd6 28.Re5 b5 29.Rde1 Bd7
30.Rg5 R8f7 31.Qe2 b4 32.Qe3 a5 33.Qd4 a4 34.Rge5 Rf8 35.f5 a3 36.b3 Rc8
37.g4 exf5 38.gxf5 Qc5 39.Qxd5+ Qxd5 40.Rxd5 Re8 41.Rg1 Re7 42.Kc1 Ref7 43.Rg5 Kf8
44.Kd2 Ke7 45.Rg4 Rd6 46.Ke3  1-0

[Event "38th Olympiad"]
[Site "Dresden GER"]
[Date "2008.11.23"]
[Round "10"]
[White "Huschenbeth,N"]
[Black "Pereira,Rub"]
[Result "1/2-1/2"]
[WhiteElo "2417"]
[BlackElo "2437"]

1.e4 c5 2.Nf3 d6 3.d4 cxd4 4.Nxd4 Nf6 5.Nc3 Nc6 6.Bg5 e6 7.Qd2 a6 8.O-O-O Bd7
9.f4 h6 10.Bh4 g5 11.fxg5 Ng4 12.Be2 Nge5 13.Nf3 Be7 14.Rhg1 b5 15.Rdf1 b4
16.Na4 hxg5 17.Bxg5 Bxg5 18.Nxg5 Nd4 19.Bd1 Bxa4 20.c3 Ne2+ 21.Bxe2 bxc3
22.bxc3 Rb8 23.Qe3 Qe7 24.h3 Qb7 25.Kd2 Qb2+ 26.Ke1 Bb5 27.Kf2 Bxe2 28.Rb1 Qxb1
29.Rxb1 Rxb1 30.Kxe2 Rb2+ 31.Kf1 Ke7 32.Nf3 Nxf3 33.Qxf3 Rhb8 34.Qe3 Rb1+
35.Kf2 R8b2+ 36.Kg3 Rxa2 37.Qa7+ Kf6 38.Qd4+ Ke7 39.e5 dxe5 40.Qxe5 Rbb2
41.Qc7+  1/2-1/2

[Event "II Poupex Int"]
[Site "Brasilia BRA"]
[Date "2008.11.24"]
[Round "1.1"]
[White "Matsuura,E"]
[Black "Shumyatsky,V"]
[Result "1/2-1/2"]
[WhiteElo "2469"]
[BlackElo "2063"]

1.e4 c5 2.Nf3 Nc6 3.d4 cxd4 4.Nxd4 Nf6 5.Nc3 d6 6.Bg5 e6 7.Qd2 a6 8.O-O-O h6
9.Be3 Be7 10.f3 Nxd4 11.Qxd4 e5 12.Qd2 Be6 13.Kb1 Rc8 14.Be2 Qa5 15.a3 Rxc3
16.Qxc3 Qxc3 17.bxc3 d5 18.Kb2 dxe4 19.Rhe1 Nd5 20.Bf2 e3 21.Bg3 Nf4 22.Bf1 Bc5
23.h4 g5 24.h5 Rg8 25.Bh2 g4 26.Bxf4 exf4 27.Be2 g3 28.Rh1 Rg5 29.Rh4 Rf5
30.Bd3 Rf6 31.Be4 Bc4 32.Bd3 Be6 33.Be4 Bc4 34.Bd3 Be6  1/2-1/2

[Event "British Rapid"]
[Site "Halifax ENG"]
[Date "2008.11.29"]
[Round "2"]
[White "Haslinger,S"]
[Black "Radovanovic,J"]
[Result "0-1"]
[WhiteElo "2506"]
[BlackElo "2345"]

1.e4 c5 2.Nf3 d6 3.d4 cxd4 4.Nxd4 Nf6 5.Nc3 Nc6 6.Bg5 g6 7.Bxf6 exf6 8.Qd2 Bg7
9.O-O-O O-O 10.Ndb5 f5 11.Nxd6 fxe4 12.Ndxe4 Qb6 13.Bc4 Bf5 14.Bb3 Nd4 15.Kb1 Bxe4
16.Nxe4 a5 17.Nc3 Rfc8 18.Nd5 Qc5 19.c3 Nxb3 20.axb3 Re8 21.Rhe1 Rxe1 22.Rxe1 Rd8
23.Rd1 Re8 24.Ne3 Bh6 25.Qd7 Rf8 26.Rd5 Qa7 27.Ng4 Bg7 28.Qe7 Qb6 29.Qd6 Qa7
30.Nf6+ Bxf6 31.Qxf6 a4 32.Qd4 Qb8 33.bxa4 Qxh2 34.g3 h5 35.Ka2 Qh3 36.Rd8 Qe6+
37.c4 Rxd8 38.Qxd8+ Kg7 39.Qd4+ Kh7 40.Qd5 Qxd5 41.cxd5 Kg7 42.b4 g5 43.d6 Kf6
44.a5 Ke6 45.b5 Kxd6 46.Kb3 h4  0-1

[Event "Mediterranean Open"]
[Site "Rijeka CRO"]
[Date "2008.11.30"]
[Round "3"]
[White "Saric,Iv"]
[Black "Melia,S"]
[Result "1-0"]
[WhiteElo "2516"]
[BlackElo "2410"]

1.e4 c5 2.Nf3 d6 3.d4 cxd4 4.Nxd4 Nf6 5.Nc3 Nc6 6.Bg5 e6 7.Qd2 Qb6 8.Bxf6 gxf6
9.Nb3 Bd7 10.O-O-O O-O-O 11.f4 Rg8 12.g3 Na5 13.Kb1 Nxb3 14.axb3 Qc5 15.Bh3 Kb8
16.f5 Rg5 17.e5 Bc6 18.Rhf1 Rh5 19.Bg4 Rg5 20.Bh3 Rh5 21.Bg4 Rg5 22.h3 Qxe5
23.fxe6 fxe6 24.Rde1 Qxg3 25.Rxf6 Bg7 26.Rfxe6 Ra5 27.Ne4 Bxe4 28.R6xe4 Re5
29.Rxe5 Bxe5 30.Rf1 h5 31.Be6 d5 32.Qe2 h4 33.Bxd5 a6 34.Bg2 Rg8 35.Bf3 Qg7
36.c3 Bc7 37.Qe4 Qg6 38.Qxg6 Rxg6 39.Bg4 Rg5 40.Rf8+ Ka7 41.Be6 Rg7 42.Rh8 Bg3
43.Bg4 Rf7 44.Rh5 Kb6 45.Ka2 Rc7 46.b4 Re7 47.Kb3 Rc7 48.Bf3 Rf7 49.Bd5 Re7
50.Kc4 Kc7 51.Rh6 Rd7 52.Be6 Rg7 53.Kd5 Rg5+ 54.Ke4 Rg7 55.Kf5 Kd8 56.Bd5 Rd7
57.c4 Kc7 58.Be6 Rd2 59.Rh7+ Kb8 60.Bd5 Bc7 61.Rh8+ Ka7 62.Rh7 Kb8 63.Rxh4 Rxb2
64.c5 a5 65.Rh8+ Ka7 66.Rc8 Bh2 67.bxa5 Bg1 68.Ke6 Re2+ 69.Kf6 Rf2+ 70.Kg7 Rc2
71.c6 bxc6 72.Bxc6  1-0

[Event "III Open"]
[Site "Palma de Mallorca ESP"]
[Date "2008.12.06"]
[Round "1"]
[White "Munar Rossello,P"]
[Black "Arizmendi Martinez,J"]
[Result "1/2-1/2"]
[WhiteElo "2098"]
[BlackElo "2497"]

1.e4 c5 2.Nf3 d6 3.d4 cxd4 4.Nxd4 Nf6 5.Nc3 Nc6 6.Bg5 e6 7.Qd2 Be7 8.f3 a6
9.O-O-O O-O 10.Kb1 Nxd4 11.Qxd4 Qa5 12.h4 Bd7 13.Qd2 Kh8 14.h5 h6 15.Be3 b5
16.e5 dxe5 17.Bxh6 gxh6 18.Qxh6+ Nh7 19.Bd3 f5 20.Bxf5 exf5  1/2-1/2

[Event "TCh-BEL 2008-9"]
[Site "Belgium BEL"]
[Date "2008.12.07"]
[Round "5"]
[White "Ris,R"]
[Black "Nijboer,F"]
[Result "0-1"]
[WhiteElo "2417"]
[BlackElo "2540"]

1.e4 c5 2.Nf3 Nc6 3.d4 cxd4 4.Nxd4 Nf6 5.Nc3 d6 6.Bg5 e6 7.Qd2 a6 8.O-O-O Bd7
9.f3 Be7 10.Be3 b5 11.Nxc6 Bxc6 12.Ne2 Rc8 13.Nd4 Bb7 14.Bd3 Nd7 15.Rhe1 O-O
16.Kb1 d5 17.exd5 Bxd5 18.Bf4 Bf6 19.Nb3 Nb6 20.Qf2 Nc4 21.Bc1 a5 22.Be4 a4
23.Bxd5 exd5 24.Nd4 b4 25.Rd3 Qb6 26.Red1 Rb8 27.b3 Na3+ 28.Bxa3 bxa3 29.Qd2 Qc7
30.g3 Rfc8 31.f4 g6 32.Ne2 Rb5 33.Nd4 Rc5 34.Rc1 axb3 35.axb3 a2+ 36.Ka1 Rxc2
37.Rxc2 Qxc2 38.Qxc2 Rxc2  0-1

[Event "VII Pereyra Puebla Mem"]
[Site "Mendoza ARG"]
[Date "2008.12.07"]
[Round "4"]
[White "Herrera,Mart"]
[Black "Real de Azua,E"]
[Result "0-1"]
[WhiteElo "2191"]
[BlackElo "2413"]

1.e4 c5 2.Nf3 Nc6 3.d4 cxd4 4.Nxd4 Nf6 5.Nc3 d6 6.Bg5 e6 7.Qd2 a6 8.O-O-O Bd7
9.f3 h6 10.Be3 Qc7 11.Kb1 Ne5 12.Bd3 b5 13.g4 Rc8 14.h4 g6 15.g5 hxg5 16.hxg5 Rxh1
17.Rxh1 Nh5 18.f4 Nc4 19.Bxc4 Qxc4 20.f5 b4 21.fxe6 fxe6 22.Nce2 e5 23.Nf5 gxf5
24.Rxh5 f4 25.Bb6 Qxe4 26.Rh2 Bf5 27.Nd4 Bg6 28.Re2 Qd5 29.b3 f3  0-1

[Event "75th ch-BRA"]
[Site "Porto Alegre BRA"]
[Date "2008.12.07"]
[Round "1"]
[White "Fier,A"]
[Black "Diamant,A"]
[Result "0-1"]
[WhiteElo "2581"]
[BlackElo "2412"]

1.e4 c5 2.Nf3 d6 3.d4 cxd4 4.Nxd4 Nf6 5.Nc3 Nc6 6.Bg5 e6 7.Qd2 Be7 8.O-O-O Qb6
9.Nb3 O-O 10.f3 a6 11.g4 Qc7 12.Be3 b5 13.g5 Nd7 14.Kb1 Nce5 15.f4 Nc4 16.Bxc4 Qxc4
17.Qg2 Qc7 18.h4 Bb7 19.h5 Rad8 20.a3 Nb6 21.g6 Nc4 22.h6 fxg6 23.hxg7 Rf6
24.Qh2 h5 25.Bc1 Rf7 26.Rhe1 Bf6 27.Na2 Rxg7 28.Nd4 Re8 29.b3 Bxd4 30.Rxd4 Qc5
31.Red1 Nxa3+ 32.Kb2 a5 33.Qe2 b4 34.Rxd6 Rc7 35.R6d2 Rec8 36.Rd8+ Rxd8 37.Rxd8+ Kh7
38.c4 bxc3+ 39.Ka1 Nb5 40.f5 exf5 41.exf5 Nd4 42.fxg6+ Kg7 43.Qe8 Nxb3+ 44.Kb1 Qf5+  0-1

[Event "TCh-SLO"]
[Site "Murska Sobota SLO"]
[Date "2008.12.08"]
[Round "3"]
[White "Muzychuk,A"]
[Black "Cigan,S"]
[Result "1-0"]
[WhiteElo "2508"]
[BlackElo "2386"]

1.e4 c5 2.Nf3 d6 3.d4 cxd4 4.Nxd4 Nf6 5.Nc3 Nc6 6.Bg5 Qb6 7.Nb3 a6 8.Nd5 Qd8
9.Be3 Nd7 10.Qd2 e6 11.Nc3 Be7 12.O-O-O O-O 13.f4 b5 14.g4 Bb7 15.g5 Na5
16.Bd3 Nc4 17.Bxc4 bxc4 18.Nd4 Nc5 19.Qg2 Qa5 20.Rhe1 Rfb8 21.f5 Nxe4 22.Nxe4 exf5
23.Qd2 Qxa2 24.Nc3 Qa1+ 25.Nb1 Be4 26.Qc3 Qa4 27.Bf4 g6 28.Qa3 Qd7 29.Nc3 Rb6
30.Rxe4 fxe4 31.Nd5 Rab8 32.Nxb6 Rxb6 33.Ne2 d5 34.Qa5 Rb5 35.Qxa6 h6 36.Nc3 Rc5
37.Nxd5  1-0

[Event "75th ch-BRA"]
[Site "Porto Alegre BRA"]
[Date "2008.12.08"]
[Round "2"]
[White "Barreto Filho,C"]
[Black "Diamant,A"]
[Result "0-1"]
[WhiteElo "2300"]
[BlackElo "2412"]

1.e4 c5 2.Nf3 d6 3.d4 cxd4 4.Nxd4 Nf6 5.Nc3 Nc6 6.Bg5 e6 7.Qd2 Be7 8.O-O-O a6
9.f4 Nxd4 10.Qxd4 b5 11.Bxf6 gxf6 12.e5 d5 13.Be2 Rg8 14.Kb1 b4 15.exf6 Bxf6
16.Qxb4 Bd7 17.Nxd5 exd5 18.Rhe1 Be7 19.Bh5 Kf8 20.Qb7 Be6 21.f5 Qc8 22.Qxc8+ Bxc8
23.Rxd5 Ra7 24.Bf3 Rc7 25.g3 Rg5 26.f6 Bxf6 27.Rxg5 Bxg5 28.Re2 Kg7 29.Be4 Re7
30.Bd3 Rxe2 31.Bxe2 Be3 32.Bd3 Bg1  0-1

[Event "FSGM December"]
[Site "Budapest HUN"]
[Date "2008.12.09"]
[Round "4"]
[White "Matsenko,S"]
[Black "Paschall,W"]
[Result "1/2-1/2"]
[WhiteElo "2447"]
[BlackElo "2351"]

1.e4 c5 2.Nf3 Nc6 3.d4 cxd4 4.Nxd4 Nf6 5.Nc3 d6 6.Bg5 Bd7 7.Qd2 Rc8 8.O-O-O Nxd4
9.Qxd4 Qa5 10.Bd2 a6 11.f3 g6 12.Kb1 Qc5 13.Qxc5 Rxc5 14.Be3 Rc6 15.Bd4 Bg7
16.g4 Be6 17.h4 h6 18.Nd5 Bxd5 19.exd5 Rc7 20.f4 O-O 21.Bb6 Rcc8 22.Bh3 Nd7
23.Be3 Rc4 24.c3 Nc5 25.Rhe1 Re8 26.Bf1 Re4 27.Bg2 Rc4 28.Kc2 Kf8 29.Bd2 Nd7
30.g5 hxg5 31.hxg5 b5 32.a3 Rb8 33.Bf1 Rc7 34.Bh3 a5 35.f5 gxf5 36.Bxf5 Ne5
37.Rf1 Kg8 38.g6 Nxg6 39.Rg1 Bf6 40.Bxg6  1/2-1/2

[Event "III Open"]
[Site "Palma de Mallorca ESP"]
[Date "2008.12.09"]
[Round "4"]
[White "Serra Olives,T"]
[Black "Bellia,F"]
[Result "0-1"]
[WhiteElo "2156"]
[BlackElo "2403"]

1.e4 c5 2.Nf3 Nc6 3.d4 cxd4 4.Nxd4 Nf6 5.Nc3 d6 6.Bg5 Qb6 7.Nb3 e6 8.Qd2 Be7
9.O-O-O O-O 10.Kb1 Rd8 11.Be3 Qc7 12.f4 a6 13.Be2 b5 14.Bf3 Bb7 15.g4 Nd7
16.g5 Nb6 17.Qe2 Bf8 18.Qg2 Nc4 19.Bc1 b4 20.Ne2 a5 21.Ned4 Na7 22.Nd2 Ne3
23.Qf2 Nxd1 24.Rxd1 Qb6 25.Nc4 Qc5 26.Qf1 d5 27.exd5 Bxd5 28.Ne5 Rac8 29.Be3 Bxf3
30.Qxf3 Rxd4 31.Rd2 Rcd8 32.b3 Rxd2 33.Bxc5 Rd1+ 34.Kb2 Bxc5  0-1

[Event "75th ch-BRA"]
[Site "Porto Alegre BRA"]
[Date "2008.12.09"]
[Round "3"]
[White "Bittencourt,J"]
[Black "Barreto Filho,C"]
[Result "1/2-1/2"]
[WhiteElo "2455"]
[BlackElo "2300"]

1.e4 c5 2.Nf3 d6 3.d4 cxd4 4.Nxd4 Nf6 5.Nc3 Nc6 6.Bg5 e6 7.Qd2 a6 8.O-O-O Bd7
9.f3 h6 10.Be3 b5 11.Nxc6 Bxc6 12.Ne2 Qc7 13.Nd4 Bb7 14.Kb1 Rc8 15.Bd3 Nd7
16.Rhe1 Be7 17.g4 d5 18.exd5 Bxd5 19.Bf4 Qb7 20.Be4 Bxe4 21.Rxe4 Nc5 22.Ree1 Rd8
23.Qf2 Rd5 24.Ne2 O-O 25.Rxd5 Qxd5 26.Nc3  1/2-1/2

[Event "75th ch-BRA"]
[Site "Porto Alegre BRA"]
[Date "2008.12.09"]
[Round "4"]
[White "Oliveira,Si"]
[Black "Milos,G"]
[Result "1/2-1/2"]
[WhiteElo "2345"]
[BlackElo "2593"]

1.e4 c5 2.Nf3 Nc6 3.d4 cxd4 4.Nxd4 Nf6 5.Nc3 d6 6.Bg5 e6 7.Qd2 Be7 8.O-O-O Qb6
9.Ndb5 O-O 10.Qe1 Qa5 11.f4 Rd8 12.a3 Rd7 13.Nxd6 e5 14.Nxc8 Rxd1+ 15.Qxd1 Rxc8
16.Bxf6 Bxf6 17.Nd5 Bd8 18.c3 Qc5 19.Qg4 Ra8 20.Qd7 Rb8 21.Qe8+ Qf8 22.Qxf8+ Kxf8
23.f5 Ne7 24.Bc4 b5 25.Nxe7 Kxe7 26.Bd5 h5 27.Rd1 Rc8 28.Kc2 Bb6 29.Bb7 Rc5
30.Rd5 Rxd5 31.Bxd5 a6 32.Bc6 f6 33.b4 Kd6 34.Be8 h4 35.Kb3 Ke7 36.Bc6 Kd6
37.Bd5 Kc7 38.a4 Bg1 39.h3 Kb6 40.a5+ Ka7 41.c4 bxc4+ 42.Kxc4 Bf2 43.b5 Be1
44.bxa6  1/2-1/2

[Event "FSGM December"]
[Site "Budapest HUN"]
[Date "2008.12.11"]
[Round "6"]
[White "Varga,Zo"]
[Black "Paschall,W"]
[Result "1/2-1/2"]
[WhiteElo "2494"]
[BlackElo "2351"]

1.e4 c5 2.Nf3 Nc6 3.d4 cxd4 4.Nxd4 Nf6 5.Nc3 d6 6.Bg5 Bd7 7.Qd2 Rc8 8.Bxf6 gxf6
9.Nb3 f5 10.exf5 Bxf5 11.Bd3 Qd7 12.O-O-O Bg7 13.Kb1 Bxd3 14.Qxd3 Ne5 15.Qg3 Qg4
16.Rhe1 Qxg3 17.hxg3 Kd7 18.Ne4  1/2-1/2

[Event "75th ch-BRA"]
[Site "Porto Alegre BRA"]
[Date "2008.12.12"]
[Round "7"]
[White "Diamant,A"]
[Black "Oliveira,Si"]
[Result "1-0"]
[WhiteElo "2412"]
[BlackElo "2345"]

1.e4 c5 2.Nf3 d6 3.d4 cxd4 4.Nxd4 Nf6 5.Nc3 Nc6 6.Bg5 e6 7.Qd2 Be7 8.O-O-O Nxd4
9.Qxd4 O-O 10.f3 a6 11.h4 b5 12.Kb1 Bb7 13.Qd2 Qc7 14.Bd3 Rfd8 15.Qe1 Rac8
16.g4 b4 17.Ne2 a5 18.Nd4 Ra8 19.Bc1 d5 20.e5 Nd7 21.f4 a4 22.g5 a3 23.b3 Nc5
24.g6 hxg6 25.h5 g5 26.f5 Ne4 27.Bxe4 dxe4 28.fxe6 Qxe5 29.exf7+ Kxf7 30.Rf1+ Kg8
31.Rf5 Qc7 32.Bxg5 Bxg5 33.Rxg5 Qc3 34.Qxc3 bxc3 35.Kc1 e3 36.h6 Rxd4 37.Rxd4  1-0

[Event "TCh-NED 2008-9"]
[Site "Netherlands NED"]
[Date "2008.12.13"]
[Round "4"]
[White "De Groote,E"]
[Black "Brandenburg,D"]
[Result "0-1"]
[WhiteElo "2251"]
[BlackElo "2431"]

1.e4 c5 2.Nf3 d6 3.d4 cxd4 4.Nxd4 Nf6 5.Nc3 Nc6 6.Bg5 e6 7.Qd2 a6 8.O-O-O Bd7
9.f3 Be7 10.h4 h6 11.Be3 b5 12.g4 Nxd4 13.Bxd4 b4 14.Bxf6 Bxf6 15.Ne2 Qa5
16.Kb1 Rd8 17.f4 g5 18.Bg2 gxf4 19.Nxf4 Bb5 20.Bf1 Be5 21.Rh3 Rg8 22.g5 hxg5
23.hxg5 Bc6 24.g6 Bxe4 25.gxf7+ Kxf7 26.Bc4 d5 27.Bd3 Qc5 28.Rh5 Qd4 29.Qc1 Rh8
30.Bxe4 Qxe4 31.Nxe6 Rxh5 32.Nxd8+ Kg8 33.Nc6 Bf4 34.Rg1+ Kf8 35.Qd1 Rh2
36.Re1 Rd2 37.Qxd2 Bxd2 38.Rxe4 dxe4 39.Nd4 Ke7 40.Ne2 Ke6 41.c3 bxc3 42.bxc3 Kd5
43.Kc2 Bg5 44.a3 Kc4 45.Ng3 e3 46.Ne2 Bf6 47.a4 Be5 48.Kd1 Kb3 49.Nc1+ Kxc3
50.Ke2 Bd4 51.a5 Kb4 52.Kd3 Ba7  0-1